Normal view MARC view
  • Habermas, Jürgen,

Entry Nombre Personal

Number of records used in: 29

001 - NUMERO DE CONTROL

  • campo de control: 28383

003 - IDENTIFICADOR DE NUMERO DE CONTROL

  • campo de control: UPN

005 - FECHA Y HORA DE LA ÜLTIMA TRANSACCIÓN

  • campo de control: 20230130120711.0

008 - DATOS DE LONGITUD FIJA

  • campo de control de longitud fija: nabaccnnaabn|||||||||| b |nc|||||d

010 ## - NÚMERO DE CONTROL DE LA BIBLIOTECA DEL CONGRESO

  • Número de control LC: n 78093535

024 7# - OTROS IDENTIFICADORES NORMALIZADOS

  • Fuente: isni
  • Número normalizado o código: 0000000121468372

035 ## - NUMERO DE CONTROL

  • Número de control: (OCoLC)oca00228634

040 ## - FUENTE DE CATALOGACIÓN

  • Lenguaje de catalogación: spa
  • Agencia de transcripción: DLC
  • Agencia original de catalogación: DLC
  • Agencia que lo modifica: DLC-R
  • Agencia que lo modifica: ICU
  • Agencia que lo modifica: DLC
  • Agencia que lo modifica: DLC
  • Agencia que lo modifica: OCoLC
  • Agencia que lo modifica: DLC
  • Agencia que lo modifica: ICU
  • Agencia que lo modifica: CoU
  • Agencia que lo modifica: ScU
  • Agencia que lo modifica: NL-TiUL
  • Agencia que lo modifica: MX-MxUPN
  • Description conventions: rda

046 ## - FECHAS CON CODIFICACIÓN ESPECIAL

  • Fuente del formato de fecha: edtf
  • Fecha de nacimiento: 1929-06-18

100 1# - ENCABEZAMIENTO - NOMBRE PERSONAL

  • Nombre personal: Habermas, Jürgen,
  • Fechas asociadas con el nombre: 1929-

370 ## - LUGAR ASOCIADO

  • Fuente del término: naf
  • Place of birth: Gummersbach (Germany)
  • Place of residence/headquarters: Heidelberg (Germany)
  • Place of residence/headquarters: Frankfurt am Main (Germany)

372 ## - CAMPO DE ACTIVIDAD

  • Fuente del término: lcsh
  • Field of activity: Filosofía
  • Field of activity: Sociología
  • Field of activity: Teoría crítica
  • Field of activity: Pragmatismo

373 ## - GRUPO ASOCIADO

  • Fuente del término: naf
  • Associated group: Universität Heidelberg
  • Associated group: Universität Frankfurt am Main

374 ## - OCUPACIÓN

  • Fuente del término: lcsh
  • Occupation: Autor
  • Occupation: Filósofo
  • Occupation: Profesor de filosofía
  • Occupation: Sociólogo
  • Occupation: Profesor de sociología
  • Occupation: Profesor universitario

375 ## - GÉNERO

  • Fuente del término: lcdgt
  • Gender: masculino

377 ## - LENGUA ASOCIADA

  • Language code: ger

400 1# - VEÁSE - NOMBRE DE PERSONA

  • Personal name: Habŏmasŭ, Wirŭgen

400 1# - VEÁSE - NOMBRE DE PERSONA

  • Personal name: Habŏmasŭ

400 1# - VEÁSE - NOMBRE DE PERSONA

  • Personal name: Khabermas, I︠U︡.
  • Fuller form of name: (I︠U︡rgen)

400 1# - VEÁSE - NOMBRE DE PERSONA

  • Personal name: Khabermas, I︠U︡rgen

400 1# - VEÁSE - NOMBRE DE PERSONA

  • Personal name: Ha-pei-ma-ssu, Yu-erh-ken

400 1# - VEÁSE - NOMBRE DE PERSONA

  • Personal name: Habeimasi

670 ## - FUENTE EN LA QUE SE LOCALIZARON DATOS

  • Cita de la fuente: T
  • Información localizada: Salvat universal

670 ## - FUENTE EN LA QUE SE LOCALIZARON DATOS

  • Cita de la fuente: Yun, P.J. Pʻukʻo wa Habŏmasŭ rŭl nŏmŏsŏ, 1990:
  • Información localizada: portada (Habŏmasŭ) cubierta, etc. (Jürgen Habermas; Wirŭgen Habŏmasŭ)

670 ## - FUENTE EN LA QUE SE LOCALIZARON DATOS

  • Cita de la fuente: Student und Politik, 1961:
  • Información localizada: portada (Jürgen Habermas)

670 ## - FUENTE EN LA QUE SE LOCALIZARON DATOS

  • Cita de la fuente: His Demokratii︠a︡, razum, nravstvennostʹ, 1992:
  • Información localizada: portada (I︠U︡. Khabermas) reverso de la portada (Khabermas I︠U︡rgen)

670 ## - FUENTE EN LA QUE SE LOCALIZARON DATOS

  • Cita de la fuente: Li, C.S. Ti san tʻiao lu?:
  • Información localizada: portada (Ha-pei-ma-ssu) página 380, etc. (Juergen Habermas, Yu-erh-ken Ha-pei-ma-ssu)

670 ## - FUENTE EN LA QUE SE LOCALIZARON DATOS

  • Cita de la fuente: Habeimasi zai Hua jiang yan ji, 2002:
  • Información localizada: portada (Mabeimasi)

670 ## - FUENTE EN LA QUE SE LOCALIZARON DATOS

  • Cita de la fuente: DDB Web OPAC, Nov. 12, 2009:
  • Información localizada: (Habermas, Jürgen, 1929- )

670 ## - FUENTE EN LA QUE SE LOCALIZARON DATOS

  • Cita de la fuente: BnF Web OPAC, Nov. 12, 2009:
  • Información localizada: (Habermas, Jürgen (1929-....); n. June 18, 1929; philosophe et sociologue)

670 ## - FUENTE EN LA QUE SE LOCALIZARON DATOS

  • Cita de la fuente: Morale et communication, 1986:
  • Información localizada: página 4 de la cubierta (taught philosophy and sociology at the [University of] Heidelberg and Frankfurt)

670 ## - FUENTE EN LA QUE SE LOCALIZARON DATOS

  • Cita de la fuente: Wikipedia, viewed October 26, 2020:
  • Información localizada: (Jürgen Habermas, born June 18, 1929 in Gummersbach, Rhine Province; philosopher and sociologist in the tradition of critical theory and pragmatism; work addresses communicative rationality and the public sphere)
  • Uniform Resource Identifier: https://en.wikipedia.org/wiki/J%C3%BCrgen_Habermas

680 ## - NOTA PUBLICA DE ACCESO PÚBLICO

  • Frase explicativa de la referencia: Filósofo y sociólogo alemán

902 ## - CATALOGADOR

  • Catalogador: DAA/301007

902 ## - CATALOGADOR

  • Catalogador: NDAF/220331